000 00709cam a22002413a 4500
001 1226
003 PGUSA
005 20140828082958.0
008 980301s1998||||xxu|||||s|||||000 | eng d
040 _aPGUSA
_beng
042 _adc
050 4 _aBF
245 1 4 _aThe Journal of Abnormal Psychology, Volume 10
_h[electronic resource] /
_cVarious
260 _bProject Gutenberg,
_c1998
506 _aPublic domain in the USA.
516 _aElectronic text
653 _aPsychology -- Periodicals
653 _aSocial psychology -- Periodicals
653 _aPsychology, Pathological -- Periodicals
830 0 _aProject Gutenberg
_v1226
856 4 0 _uhttp://www.gutenberg.org/ebooks/1226
942 _cEB
999 _c230574
_d230574